| 000 | 00909na a2200313 4500 | ||
|---|---|---|---|
| 001 | 17583 | ||
| 003 | MIRAKIL | ||
| 005 | 20181213155218.0 | ||
| 008 | 161030b tu 000 0 | ||
| 020 | _a9789752870758 | ||
| 035 | _a17583 | ||
| 040 |
_aMilas _btur _cTR-AnCHP |
||
| 041 | _atur | ||
| 082 |
_a320.9561 _bA81h 2010 |
||
| 090 | _a320.9561 A81h 2010 | ||
| 100 |
_aAvcı, Hanefi _d1956- |
||
| 245 |
_aHaliç'te yaşayan Simonlar _bdün devlet bugün cemaat _cHanefi Avcı |
||
| 246 | _adün devlet bugün cemaat | ||
| 246 | _aHaliçte yaşayan Simonlar | ||
| 250 | _a6. bs. | ||
| 260 |
_aAnkara _bAngora _c2010 |
||
| 300 |
_aviii, 597 s. _c22 sm. |
||
| 500 | _aDizin var. | ||
| 600 |
_aAvcı, Hanefi _d1956- _xAnılar |
||
| 651 |
_aTürkiye _xTerörizm _zAnılar |
||
| 651 |
_aTürkiye _xSiyaset ve yönetim _zCemaat |
||
| 651 |
_aTürkiye _xSiyaset ve yönetim _zAnılar |
||
| 942 |
_2dcc _cBKS |
||
| 999 |
_c8609 _d8609 |
||